Accounting for business managers (Record no. 4836)
[ view plain ]
| 000 -LEADER | |
|---|---|
| fixed length control field | 00357nam a2200145Ia 4500 |
| 003 - CONTROL NUMBER IDENTIFIER | |
| control field | OSt |
| 008 - FIXED-LENGTH DATA ELEMENTS--GENERAL INFORMATION | |
| fixed length control field | 201117b ||||| |||| 00| 0 eng d |
| 082 ## - DEWEY DECIMAL CLASSIFICATION NUMBER | |
| Classification number | 657 |
| 100 ## - MAIN ENTRY--PERSONAL NAME | |
| Personal name | VASUDEVA, Sakshi. |
| 245 ## - TITLE STATEMENT | |
| Title | Accounting for business managers |
| 250 ## - EDITION STATEMENT | |
| Edition statement | 1st. |
| 260 ## - PUBLICATION, DISTRIBUTION, ETC. (IMPRINT) | |
| Place of publication, distribution, etc | N.Delhi |
| Name of publisher, distributor, etc | Himalaya Publication House |
| Date of publication, distribution, etc | 2013 |
| 300 ## - PHYSICAL DESCRIPTION | |
| Extent | 1035 |
| 942 ## - ADDED ENTRY ELEMENTS (KOHA) | |
| Source of classification or shelving scheme | Dewey Decimal Classification |
| Koha item type | Text Books |
| 942 ## - ADDED ENTRY ELEMENTS (KOHA) | |
| -- | 7 |
| Withdrawn status | Lost status | Source of classification or shelving scheme | Damaged status | Not for loan | Collection code | Home library | Current library | Date acquired | Source of acquisition | Cost, normal purchase price | Bill Number | Total Checkouts | Full call number | Acc. no. / Barcode | Date last seen | Date last borrowed | Bill Date | Koha item type | Public note |
|---|---|---|---|---|---|---|---|---|---|---|---|---|---|---|---|---|---|---|---|
| Dewey Decimal Classification | BBA | PIET C-LIBRARY | PIET C-LIBRARY | 29/07/2011 | The book company | 490.00 | IN-858 | 1 | 657 VAA | 17462 | 14/10/2022 | 04/10/2022 | 27/07/2011 | Text Books | |||||
| Dewey Decimal Classification | BBA | PIET C-LIBRARY | PIET C-LIBRARY | 29/07/2011 | The book company | 490.00 | IN-858 | 657 VAA | 17463 | 04/12/2019 | 27/07/2011 | Text Books | |||||||
| Dewey Decimal Classification | BBA | PIET C-LIBRARY | PIET C-LIBRARY | 28/11/2013 | IBH, New Delhi | 525.00 | 15735 | 1 | 657 VAA | 22857 | 13/12/2022 | 06/12/2022 | 26/11/2013 | Text Books | |||||
| Dewey Decimal Classification | BBA | PIET C-LIBRARY | PIET C-LIBRARY | 28/11/2013 | IBH, New Delhi | 525.00 | 15735 | 1 | 657 VAA | 22858 | 09/09/2024 | 09/09/2024 | 26/11/2013 | Text Books | |||||
| Dewey Decimal Classification | BBA | PIET C-LIBRARY | PIET C-LIBRARY | 28/11/2013 | IBH, New Delhi | 525.00 | 15735 | 2 | 657 VAA | 22859 | 06/01/2026 | 15/12/2025 | 26/11/2013 | Text Books | |||||
| Dewey Decimal Classification | BBA | PIET C-LIBRARY | PIET C-LIBRARY | 28/11/2013 | IBH, New Delhi | 525.00 | 15735 | 2 | 657 VAA | 22860 | 15/12/2022 | 22/11/2022 | 26/11/2013 | Text Books | . | ||||
| Dewey Decimal Classification | BBA | PIET C-LIBRARY | PIET C-LIBRARY | 28/11/2013 | IBH, New Delhi | 525.00 | 15735 | 1 | 657 VAA | 22861 | 07/12/2022 | 22/11/2022 | 26/11/2013 | Text Books | |||||
| Dewey Decimal Classification | BBA | PIET C-LIBRARY | PIET C-LIBRARY | 28/11/2013 | IBH, New Delhi | 525.00 | 15735 | 3 | 657 VAA | 22862 | 09/09/2025 | 25/08/2025 | 26/11/2013 | Text Books |